UHMWPE biomaterials handbook : ultra high molecular weight polyethylene in total joint replacement and medical devices /

This book describes the science, development, properties and application of of ultra-high molecular weight polyethylene (UHMWPE) used in artificial joints. This material is currently used in 1.4 million patients around the world every year for use in the hip, knee, upper extremities, and spine. Sinc...

Full description

Bibliographic Details
Main Author: Kurtz, Steven M., 1968-
Corporate Author: ScienceDirect (Online service)
Format: eBook
Language:English
Published: Amsterdam ; Boston : Elsevier/Academic Press, ©2009.
Edition:2nd ed.
Subjects:
Online Access:Connect to the full text of this electronic book

MARC

Tag First Indicator Second Indicator Subfields
LEADER 00000cam a2200000 a 4500
001 in00005738413
005 20260326162732.5
006 m o d
007 cr cn|||||||||
008 090714s2009 ne a ob 001 0 eng d
040 |a OPELS  |b eng  |e pn  |c OPELS  |d OCLCQ  |d E7B  |d OCLCQ  |d OCLCF  |d ZCU  |d COO  |d OCLCQ  |d N$T  |d IDEBK  |d STF  |d FEM  |d OCLCO  |d KNOVL  |d GZM  |d YDXCP  |d EBLCP  |d UKDOC  |d OCLCO  |d OCLCQ  |d CASUM  |d D6H  |d CHVBK  |d RRP  |d AU@  |d WYU  |d OCLCA  |d LEAUB  |d OCLCO  |d OL$  |d OCLCO  |d OCLCQ  |d OCLCA  |d OCLCQ  |d OCLCA  |d OCLCO  |d OCLCQ  |d OCLCO  |d OCLCL  |d COA  |d OCLCQ 
015 |a GBA905816  |2 bnb 
016 7 |a 101512508  |2 DNLM 
016 7 |a 014883188  |2 Uk 
019 |a 428684876  |a 623317051  |a 647777149  |a 655657051  |a 728658535  |a 937724054  |a 962822781  |a 968088495  |a 968974894  |a 1065751598  |a 1340056850 
020 |a 9780124015067 
020 |a 0124015069 
020 |a 9780080884448 
020 |a 008088444X 
020 |z 9780123747211 
020 |z 012374721X 
024 8 |a (WaSeSS)ssj0000263498 
035 |a (OCoLC)424595784  |z (OCoLC)428684876  |z (OCoLC)623317051  |z (OCoLC)647777149  |z (OCoLC)655657051  |z (OCoLC)728658535  |z (OCoLC)937724054  |z (OCoLC)962822781  |z (OCoLC)968088495  |z (OCoLC)968974894  |z (OCoLC)1065751598  |z (OCoLC)1340056850 
037 |a 166627:166829  |b Elsevier Science & Technology  |n http://www.sciencedirect.com 
050 4 |a RD686  |b .K87 2009 
060 4 |a 2009 H-947 
060 4 |a WE 312  |b U31 2009 
072 7 |a MED  |x 073000  |2 bisacsh 
072 7 |a MED  |x 085000  |2 bisacsh 
082 0 4 |a 617.580592  |2 22 
049 |a TXAM 
100 1 |a Kurtz, Steven M.,  |d 1968-  |1 https://id.oclc.org/worldcat/entity/E39PCjw9P7Rj7tKgtkGqcWjcT3 
245 1 0 |a UHMWPE biomaterials handbook :  |b ultra high molecular weight polyethylene in total joint replacement and medical devices /  |c by Steven M. Kurtz. 
250 |a 2nd ed. 
260 |a Amsterdam ;  |a Boston :  |b Elsevier/Academic Press,  |c ©2009. 
300 |a 1 online resource (xix, 543 pages) :  |b illustrations (some color) 
336 |a text  |b txt  |2 rdacontent 
337 |a computer  |b c  |2 rdamedia 
338 |a online resource  |b cr  |2 rdacarrier 
347 |a text file 
520 |a This book describes the science, development, properties and application of of ultra-high molecular weight polyethylene (UHMWPE) used in artificial joints. This material is currently used in 1.4 million patients around the world every year for use in the hip, knee, upper extremities, and spine. Since the publication of the 1st edition there have been major advances in the development and clinical adoption of highly crosslinked UHMWPE for hip and knee replacement. There has also been a major international effort to introduce Vitamin E stabilized UHMWPE for patients. The accumulated knowledge on these two classes of materials are a key feature of the 2nd edition, along with an additional 19 additional chapters providing coverage of the key engineering aspects (biomechanical and materials science) and clinical/biological performance of UHMWPE, providing a more complete reference for industrial and academic materials specialists, and for surgeons and clinicians who require an understanding of the biomaterials properties of UHMWPE to work successfully on patient applications. 
505 0 |a A Primer on UHMWPE -- From Ethylene Gas to UHMWPE Component: The Process of Producing Orthopedic Implants -- Packaging and Sterilization of UHMWPE -- The Origins of UHMWPE in Total Hip Arthroplasty -- Clinical Performance of UHMWPE in Hip Replacements -- Contemporary Total Hip Arthroplasty: Hard-on-Hard Bearings and Highly Crosslinked UHMWPE -- Origins and Adaptations of UHMWPE for Knee Replacements -- Clinical Performance of UHMWPE in Knee Replacements -- Clinical Performance of UHMWPE in Shoulder Replacements -- Clinical Performance of UHMWPE in Elbow Replacements -- Applications of UHMWPE in Total Ankle Replacements -- Clinical Performance of UHMWPE in the Spine -- Highly Crosslinked and Melted UHMWPE -- Highly Crosslinked and Annealed UHMWPE -- Highly Crosslinked UHMWPE Doped with Vitamin E -- Vitamin E-Blended UHMWPE Biomaterials -- Composite UHMWPE Biomaterials and Fibers -- UHMWPE/ Hyaluronan Microcomposite Biomaterials -- High Pressure Crystallized UHMWPEs -- Compendium of Highly Crosslinked UHMWPEs -- Mechanisms of Crosslinking, Oxidative Degradation and Stabilisation of UHMWPE -- In Vivo Oxidation of UHMWPE -- Pathophysiologic Reactions to UHMWPE Wear Particles -- Characterization of Physical, Chemical, and Mechanical Properties of UHMWPE -- Tribological Assessment of UHMWPE in the Hip -- Tribological Assessment of UHMWPE in the Knee -- Characterisation of UHMWPE Wear Particles -- Clinical Surveillance of UHMWPE Using Radiographic Methods -- ESR Insights into Macro Radicals in UHMWPE -- Fatigue and Fracture of UHMWPE -- Development and Application of the Notched Tensile Test to UHMWPE -- Development and Application of the Small Punch Test to UHMWPE -- Nano- and Micro-Indentation Testing of UHMWPE -- MicroCT Analysis of Wear and Damage in UHMWPE -- Computer Modeling and Simulation of UHMWPE. 
500 |a Previous edition: published as The UHMWPE handbook. 2004. 
588 0 |a Print version record. 
504 |a Includes bibliographical references and index. 
650 0 |a Artificial joints. 
650 0 |a Ultrahigh molecular weight polyethylene. 
650 0 |a Plastics in medicine. 
650 1 2 |a Joints  |x surgery 
650 1 2 |a Prostheses and Implants 
650 2 |a Joint Prosthesis 
650 2 |a Polyethylenes 
650 2 2 |a Polyethylene  |x therapeutic use 
650 2 2 |a Arthroplasty, Replacement  |x instrumentation 
650 6 |a Prothèses articulaires. 
650 6 |a Polyéthylène de très haut poids moléculaire. 
650 6 |a Matières plastiques en médecine. 
650 7 |a polyethylene.  |2 aat 
650 7 |a MEDICAL  |x Physical Medicine & Rehabilitation.  |2 bisacsh 
650 7 |a MEDICAL  |x Surgery  |x General.  |2 bisacsh 
650 7 |a Artificial joints  |2 fast 
650 7 |a Plastics in medicine  |2 fast 
650 7 |a Ultrahigh molecular weight polyethylene  |2 fast 
650 7 |a Proteser.  |2 sao 
655 7 |a Electronic books.  |2 local 
655 4 |a Internet Resources. 
700 1 |a Kurtz, Steven M.,  |d 1968-  |t UHMWPE handbook. 
710 2 |a ScienceDirect (Online service) 
758 |i has work:  |a UHMWPE handbook (Text)  |1 https://id.oclc.org/worldcat/entity/E39PCGckmxXDDFTH7PTddvRwJC  |4 https://id.oclc.org/worldcat/ontology/hasWork 
776 0 8 |i Print version:  |t UHMWPE biomaterials handbook.  |b 2nd ed.  |d Amsterdam ; Boston : Elsevier/Academic Press, ©2009  |z 9780123747211  |w (OCoLC)439468983 
856 4 0 |u http://proxy.library.tamu.edu/login?url=https://www.sciencedirect.com/science/book/9780123747211  |z Connect to the full text of this electronic book  |t 0 
955 |a Elsevier ScienceDirect 2026-2027 
955 |a Knovel ebooks 
994 |a 92  |b TXA 
999 f f |i 78e6938b-fff0-409e-8a75-1093dbdffd92  |s bbe6151c-26b1-4e3e-b612-09d9b045b5e1  |t 0 
952 f f |a Texas A&M University  |b College Station  |c Electronic Resources  |s www_evans  |d Available Online  |t 0  |e RD686 .K87 2009  |h Library of Congress classification 
998 f f |a RD686 .K87 2009  |t 0  |l Available Online